Les 11 comarques més grans de Catalunya - Statistics

General Stats
  • This quiz has been taken 105 times
  • The average score is 9 of 11
Answer Stats
Àrea Comarca % Correct
1.343,09 km² Pallars Jussà
94%
1.357,54 km² Alt Empordà
92%
1.784,07 km² Noguera
92%
1.396,66 km² Segrià
91%
1.377,92 km² Pallars Sobirà
89%
1.092,30 km² Bages
86%
1.245,20 km² Osona
84%
1.185,25 km² Berguedà
77%
1.447,46 km² Alt Urgell
76%
1.002,67 km² Baix Ebre
66%
1.001,24 km² Solsonès
58%
No matching quizzes found
Score Distribution
Percent of People with Each Score
Percentile by Number Answered
Your Score History
You have not taken this quiz